| 000 | 00638nam a2200205Ia 4500 | ||
|---|---|---|---|
| 003 | GCL | ||
| 008 | 140319s9999 xx 000 0 ara d | ||
| 040 |
_aGCL / _cGCL |
||
| 082 | 0 | 4 |
_aق _b320.531 _bر ط |
| 100 | 1 | _aرفعت السيد | |
| 245 | 1 | 0 |
_aطلائع الفكر الاشتراكى فى مصر / _cرفعت السيد |
| 300 | _a88 ص | ||
| 490 |
_aالهيئة العامة للاستعلامات _v0 |
||
| 650 | 0 | 4 | _aالعمل والعمال |
| 650 | 0 | 4 | _aالاشتراكية |
| 650 | 0 | 4 | _aالعلوم السياسية |
| 650 | 0 | 4 | _aالفاشية |
| 650 | 0 | 4 | _aالاشتراكية الوطنية |
| 942 |
_2ddc _cBK |
||
| 999 |
_c51585 _d51585 |
||